000 00484nam a2200181Ia 4500
005 20250326141749.0
008 250326s9999 xx 000 0 und d
037 _aTextbook
040 _aFMSL
_beng
_cFMSL
041 _aeng
_2eng
084 _qFMSL
100 _aGupta Ranjit
_9263669
245 0 _aRural University " The Jawaja Letters 1975-79
_cGupta Ranjit
260 _aAhmedabad
_bAhmedabad, I I M
_c1981
300 _a290p
942 _cTB
999 _c1291856
_d1291856